| 000 | 00929nam a2200193 i 4500 | ||
|---|---|---|---|
| 001 | 189503 | ||
| 003 | SpMaBN | ||
| 005 | 20230906223504.0 | ||
| 008 | 190605s1980 sp |||| | spa d | ||
| 080 | _a347.247(460.11)(094.98) | ||
| 100 | 1 |
_aGarcía Caridad, José Antonio. _9167279 |
|
| 245 | 1 | 3 |
_aLa Audiencia Territorial de La Coruña ante la problemática de los aprovechamientos de aguas de Galicia _b: discurso / _cleído el día 17 de octubre de 1980, en la solemne sesión de ingreso del académico de número... Don José Antonio García Caridad y contestación... Don Emilio González López. |
| 260 |
_aLa Coruña : _bAcademia Gallega de Jurisprudencia y Legislación, _c1980. |
||
| 300 |
_a48 p. ; _c27 cm. |
||
| 650 | 7 |
_aAgua- _xJurisprudencia- _zGalicia. _9167278 |
|
| 700 | 1 |
_aGonzález López, Emilio. _958763 |
|
| 710 | 2 |
_aAcademia Gallega de Jurisprudencia y Legislación. _91197 |
|
| 852 |
_aES-MaACL _j2341-F-7 |
||
| 999 |
_c189503 _d189503 |
||